[Event "11th Lichtenberger Sommer 2012"]
[Site "Berlin GER"]
[Date "2012.08.20"]
[Round "3.39"]
[White "Junge,Wolfgang"]
[Black "Dimitrijeski,K"]
[Result "0-1"]
[WhiteElo "1799"]
[BlackElo "2165"]

1.d4 d5 2.c4 c6 3.Nf3 Nf6 4.Nc3 dxc4 5.a4 Bf5 6.e3 e6 7.Bxc4 Bb4 8.O-O O-O
9.Bd2 Bg4 10.h3 Bh5 11.Be2 Nbd7 12.Ne4 Bxd2 13.Nxf6+ Qxf6 14.Nxd2 Bg6 15.Qb3 Rab8
16.Rac1 Qe7 17.Bf3 Rfd8 18.Be4 f5 19.Bb1 Bf7 20.Qc2 g6 21.Nf3 e5 22.Nxe5 Nxe5
23.dxe5 Qxe5 24.b4 Qe6 25.Rfd1 Qb3 26.Qxb3 Bxb3 27.Bc2 Bxc2 28.Rxd8+ Rxd8
29.Rxc2 Rd1+ 30.Kh2 Rd5 31.Kg3 Kf7 32.b5 c5 33.Rc4 b6 34.h4 Rd2 35.e4 fxe4
36.Rxe4 Rb2 37.Kf3 Kf6 38.g4 Rb4 39.Ke3 c4 40.g5+ Kf7 41.Rf4+ Kg7 42.Rd4 Rxa4
43.Rd7+ Kg8 44.Rd8+ Kf7 45.Rd7+ Ke6 46.Rxh7 Kd5 47.h5 gxh5 48.g6 Ke6 49.Rc7 Ra1
50.g7 Rg1 51.Rxa7 h4 52.Rb7 Kf6 53.Rxb6+ Kxg7 54.Rc6 h3 55.Rxc4 h2 56.Rh4 h1=Q
57.Rxh1 Rxh1 58.Kd4 Kf7 59.Kc5 Ke7 60.Kc6 Kd8 61.Kb7 Rh7+ 62.Kb8 Rf7 63.b6 Rxf2
64.b7 Rb2  0-1

[Event "11th Lichtenberger Sommer 2012"]
[Site "Berlin GER"]
[Date "2012.08.21"]
[Round "4.98"]
[White "Winz,M"]
[Black "Wege,H"]
[Result "0-1"]
[WhiteElo "1663"]
[BlackElo "1912"]

1.d4 d5 2.Nf3 Nf6 3.c4 c6 4.Nc3 dxc4 5.a4 Bf5 6.e3 e6 7.Bxc4 Be7 8.O-O O-O
9.Re1 Ne4 10.Nxe4 Bxe4 11.Bd3 Bxd3 12.Qxd3 Na6 13.Bd2 Nb4 14.Qc4 a5 15.Rac1 Rc8
16.Red1 Qd5 17.Qxd5 cxd5 18.Rxc8 Rxc8 19.Rc1 Rxc1+ 20.Bxc1 Nd3 21.Bd2 Nxb2
22.Bxa5 Nxa4 23.Ne5 Kf8 24.Nd7+ Ke8 25.Nb6 Nxb6 26.Bxb6 Kd7 27.Kf1 Kc6 28.Ba5 Kb5
29.Bd2 Kc4 30.Ke2 Ba3 31.Kd1 Kb3 32.g4 b5 33.f4 g6 34.h4 b4 35.h5 Ka2 36.f5 exf5  0-1

[Event "ZMDI Open A 2012"]
[Site "Dresden GER"]
[Date "2012.08.22"]
[Round "5"]
[White "Wichmann,C"]
[Black "Hess,C1"]
[Result "1/2-1/2"]
[WhiteElo "2352"]
[BlackElo "2244"]

1.d4 d5 2.c4 c6 3.Nf3 Nf6 4.Nc3 dxc4 5.a4 Bf5 6.Ne5 Nbd7 7.Nxc4 Qc7 8.g3 e5
9.dxe5 Nxe5 10.Bf4 Nfd7 11.Bg2 f6 12.O-O Rd8 13.Qc1 Be6 14.Nxe5 Nxe5 15.Qe3 Qb6
16.Qxb6 axb6 17.a5 bxa5 18.Rxa5 Bd6 19.Ne4 Bc7 20.Ra7 Bc8 21.b4 Bb6 22.Ra8 O-O
23.Nc5 Rd4 24.Rb1 Rfd8 25.Na4 Bc7 26.Be3 Bf5 27.Rxd8+ Rxd8 28.Rc1 Ng4 29.Bc5 Rd2
30.e4 Be6 31.f4 Bb3 32.Nb6 Bd6 33.Nc8 Bxc5+ 34.bxc5 Ne3 35.Bf3 Nc2 36.Nd6 Nd4
37.Rc3 g5 38.fxg5 fxg5 39.Nxb7 Bc4 40.Ra3 Bd3 41.Bg2 g4 42.Nd6 Ne2+ 43.Kf2 Nc1+
44.Kg1 Ne2+ 45.Kf2 Nc1+ 46.Kg1  1/2-1/2

[Event "ZMDI Open A 2012"]
[Site "Dresden GER"]
[Date "2012.08.22"]
[Round "5"]
[White "Leniart,A"]
[Black "Oleksienko,M"]
[Result "0-1"]
[WhiteElo "2475"]
[BlackElo "2535"]

1.d4 d5 2.c4 c6 3.Nf3 Nf6 4.Nc3 dxc4 5.a4 Bf5 6.Ne5 Nbd7 7.Nxc4 Nb6 8.Ne5 a5
9.f3 Nfd7 10.e4 Nxe5 11.exf5 Nec4 12.Qb3 Nd6 13.Bd3 g6 14.g4 Bg7 15.Be3 Nd7
16.h4 gxf5 17.gxf5 Qb6 18.Qxb6 Nxb6 19.Ke2 Nbc4 20.Bxc4 Nxc4 21.Rag1 Bf6
22.b3 Nd6 23.Ne4 O-O-O 24.d5 Nxf5 25.dxc6 bxc6 26.Rc1 Bd4 27.Bf4 Bb6 28.Rxc6+ Kb7
29.Rc3 Rhg8 30.Rhc1 Rg2+ 31.Kf1 Rg1+ 32.Ke2 Nd4+ 33.Kf2 Nxb3+ 34.Be3 Bxe3+
35.Rxe3 Rxc1 36.Rxb3+ Kc6 37.Rb5 Rd5  0-1

[Event "EY Boys U14 2012"]
[Site "Prague CZE"]
[Date "2012.08.22"]
[Round "6.16"]
[White "Miknevicius,Laurynas"]
[Black "Pak,Alexander"]
[Result "1-0"]
[WhiteElo "1830"]
[BlackElo "2104"]

1.d4 d5 2.c4 c6 3.Nf3 Nf6 4.Nc3 dxc4 5.a4 Bf5 6.Ne5 Nbd7 7.Nxc4 Qc7 8.g3 e5
9.dxe5 Nxe5 10.Bf4 Nfd7 11.Bg2 f6 12.O-O g5 13.Nxe5 gxf4 14.Nxd7 O-O-O 15.a5 Rxd7
16.Qb3 Bc5 17.Qc4 Bd4 18.Nd5 Be6 19.Qxd4 Bxd5 20.Qxa7 fxg3 21.hxg3 Bxg2 22.Kxg2 Qb8
23.Qb6 Qc7 24.Qb3 Qe5 25.a6 b5 26.a7 Kb7 27.Rfd1 Rc7 28.Rd2 h5 29.Qd3 Qe7
30.Qd4 h4 31.a8=Q+ Rxa8 32.Rxa8 Kxa8 33.Qd8+ Kb7 34.Qxe7 Rxe7 35.gxh4 Kb6
36.Kf3 f5 37.Kf4 Re4+ 38.Kxf5 Rxh4 39.f4 b4 40.e4 Kb5 41.e5 c5 42.e6 c4 43.e7 Rh8
44.Rd8  1-0

[Event "14th Sants Open A"]
[Site "Barcelona ESP"]
[Date "2012.08.23"]
[Round "7.12"]
[White "Dubessay,B"]
[Black "Asis Gargatagli,H"]
[Result "1/2-1/2"]
[WhiteElo "2350"]
[BlackElo "2478"]

1.d4 d5 2.c4 c6 3.Nf3 Nf6 4.Nc3 dxc4 5.a4 Bf5 6.e3 e6 7.Bxc4 Bb4 8.O-O O-O
9.Qe2 Bg6 10.Bd3 Bxd3 11.Qxd3 Nbd7 12.Bd2 Qa5 13.Ne2 Rfe8 14.Bxb4 Qxb4 15.Qc3 Qe7
16.a5 a6 17.Qb3 Rab8 18.Rfd1  1/2-1/2

[Event "12th World Uni Men"]
[Site "Guimaraes POR"]
[Date "2012.08.23"]
[Round "7.11"]
[White "Nayan,A"]
[Black "Schaerer,J"]
[Result "1/2-1/2"]
[WhiteElo "2085"]
[BlackElo "2240"]

1.Nf3 d5 2.d4 Nf6 3.c4 c6 4.Nc3 dxc4 5.a4 Bf5 6.Ne5 Nbd7 7.Nxc4 Nb6 8.Ne3 Be6
9.g3 g6 10.Bg2 Rc8 11.a5 Nc4 12.Nxc4 Bxc4 13.O-O Bg7 14.Re1 O-O 15.e4 e6
16.b3 Ba6 17.Ba3 Re8 18.e5 Nd7 19.Ne4 Bf8 20.Bd6 Bg7 21.Ba3 Bf8 22.Bd6 Bg7
23.Ba3  1/2-1/2

[Event "e2e4 Hinckley Open 2012"]
[Site "Hinckley ENG"]
[Date "2012.08.24"]
[Round "1.2"]
[White "Arkell,K"]
[Black "Slinger,Tony J"]
[Result "1-0"]
[WhiteElo "2451"]
[BlackElo "2025"]

1.d4 d5 2.c4 c6 3.Nf3 Nf6 4.Nc3 dxc4 5.a4 Bf5 6.Nh4 e6 7.Nxf5 exf5 8.Bg5 Be7
9.e3 h6 10.Bxf6 Bxf6 11.Bxc4 O-O 12.Qb3 Nd7 13.a5 b5 14.axb6 axb6 15.Rxa8 Qxa8
16.O-O g6 17.Rd1 Qa5 18.g3 Kg7 19.h4 b5 20.Bf1 Nb6 21.Rc1 g5 22.hxg5 hxg5
23.Na2 f4 24.Nb4 fxe3 25.fxe3 Nc4 26.Bxc4 bxc4 27.Qxc4 Rh8 28.Rf1 Qc7 29.Rf3 Qa5
30.Nd3 Qa1+ 31.Qc1 Qa6 32.Qf1 Rh6 33.Nf2 Qxf1+ 34.Kxf1 Be7 35.Nd3 Rh2 36.Rf2 Rh1+
37.Kg2 Rd1 38.Ne5  1-0

[Event "Havirov Open 2012"]
[Site "Havirov CZE"]
[Date "2012.08.25"]
[Round "5.1"]
[White "Lys,J"]
[Black "Olsar,J"]
[Result "1/2-1/2"]
[WhiteElo "2152"]
[BlackElo "2220"]

1.d4 d5 2.c4 c6 3.Nc3 Nf6 4.Nf3 dxc4 5.a4 Bf5 6.Nh4 Bd7 7.e4 e6 8.g3 Na6
9.Bxc4 Nb4 10.O-O Be7 11.Nf3 O-O 12.Ne5 Be8 13.Bf4 Qa5 14.Qb3 Nd7 15.d5 cxd5
16.exd5 exd5 17.Nxd5 Nxd5 18.Bxd5 Nxe5 19.Bxe5 Rd8 20.Rfd1 Bc6 21.Bxc6 bxc6
22.Bd4 Rd7 23.Qf3 Rfd8 24.Bc3 Rxd1+ 25.Rxd1 Qxa4 26.Rxd8+ Bxd8 27.Qd3 Be7
28.Qd7 Bf8 29.h4 h6 30.Kh2 Qc2 31.Qxa7 c5 32.Kg2 Qe4+ 33.Kg1 Qd5 34.Qb8 f5
35.Qe8 Qe4 36.Qxe4 fxe4 37.Kf1 Kf7 38.Ke2 Ke6 39.Ke3 Kf5 40.h5 Kg4 41.Kxe4 Kxh5
42.Kf5 g6+ 43.Kf6 Kg4 44.Kf7 Bd6 45.Kxg6 h5 46.Bf6 c4 47.Bd4 Bb4 48.Kf6 Be1
49.Ke5  1/2-1/2

[Event "27th Schwarzacher Open"]
[Site "Schwarzach AUT"]
[Date "2012.08.25"]
[Round "8.7"]
[White "Egle,S"]
[Black "Lipok,C"]
[Result "1/2-1/2"]
[WhiteElo "2214"]
[BlackElo "2197"]

1.d4 d5 2.Nf3 Nf6 3.c4 c6 4.Nc3 dxc4 5.a4 Bf5 6.Ne5 Nbd7 7.Nxc4 Nb6 8.Ne5 a5
9.g3 e6 10.Bg2 Bb4 11.O-O O-O 12.e3 h6 13.Qe2 Bh7 14.Rd1 Nfd7 15.Nxd7 Nxd7
16.Bd2 Bc2 17.Rdc1 Bg6 18.Ne4 Qb6 19.Bxb4 Qxb4 20.Rc4 Qe7 21.Nc5 Nb6 22.Rc3 Nd5
23.Bxd5 exd5 24.Rb3 Rab8 25.Qg4 Rfd8 26.Qf4 b6 27.Rc1 Qa7 28.Nd3 Bxd3 29.Rxd3 c5
30.dxc5 bxc5 31.Qe5 Qd7 32.Rxc5 Qxa4 33.Rcxd5 Re8 34.Qc3 Qa1+ 35.Rd1 Qxb2
36.Qxb2 Rxb2 37.Rxa5 Re6 38.Rd8+ Kh7 39.Rf5 Re7 40.Rf8 Rbb7 41.h4 g6 42.Rf4 Kg7
43.Rd8 h5 44.Rd6 Rb5 45.Kg2 Rc5 46.Rfd4 Rcc7 47.R6d5 Ra7 48.g4 hxg4 49.Rxg4 Ra2
50.Rg3 Re6 51.h5 Rf6 52.Rf3 Rxf3 53.Kxf3 gxh5 54.Rxh5 Kf6 55.Rd5 Ke6 56.e4 Ra4
57.Rb5 Ra6 58.Kf4 Rc6 59.Kg4 Rc1 60.Rb8 Rg1+ 61.Kf4 f6 62.Rb6+ Kf7 63.Rb5 Ke6
64.e5 fxe5+ 65.Rxe5+ Kf6 66.Ra5 Rb1 67.Ra6+ Kf7 68.Kg4 Rb5 69.Ra7+ Kf6 70.f4 Rc5
71.Ra8 Kf7 72.Rh8 Ra5 73.Rh7+ Kf6 74.Rh5  1/2-1/2

[Event "37th Trade Fair Open A"]
[Site "Brno CZE"]
[Date "2012.08.27"]
[Round "3"]
[White "Bernasek,J"]
[Black "Straka,V"]
[Result "1-0"]
[WhiteElo "2487"]
[BlackElo "2286"]

1.d4 d5 2.c4 c6 3.Nf3 Nf6 4.Nc3 dxc4 5.a4 Bf5 6.e3 e6 7.Bxc4 Bb4 8.O-O Nbd7
9.Nh4 Bg4 10.f3 Bh5 11.g4 Bg6 12.Nxg6 hxg6 13.e4 Qb6 14.Be3 O-O-O 15.Qe2 a5
16.Rf2 Qc7 17.Rc1 Nb6 18.Bb3 Bxc3 19.bxc3 Nfd7 20.Rb1 Kb8 21.Rg2 Rhf8 22.Bf2 Nc8
23.Bg3 e5 24.Qe3 f6 25.Rgb2 g5 26.Be6 b6 27.dxe5 fxe5 28.Qxg5 Kb7 29.Bxd7  1-0

[Event "37th Trade Fair Open A"]
[Site "Brno CZE"]
[Date "2012.08.28"]
[Round "4"]
[White "Shishkin,Va UKR"]
[Black "Strebkovs,A"]
[Result "0-1"]
[WhiteElo "2485"]
[BlackElo "2345"]

1.d4 d5 2.c4 c6 3.Nf3 Nf6 4.Nc3 dxc4 5.a4 Bf5 6.e3 e6 7.Bxc4 Bb4 8.O-O O-O
9.Nh4 Bg6 10.Nxg6 hxg6 11.Qc2 Nbd7 12.h3 Qe7 13.Rd1 Rac8 14.a5 c5 15.d5 exd5
16.Nxd5 Nxd5 17.Bxd5 Nf6 18.Bf3 c4 19.Bd2 b5 20.axb6 axb6 21.Qa4 Bxd2 22.Rxd2 c3
23.Rc2 Qe5 24.Qb3 cxb2 25.Rxb2 Nd7 26.g4 Rc3 27.Qa2 Qf6 28.Kg2 Ne5 29.Be4 Nc4
30.Rbb1 Ra3 31.Qxc4 Rxa1 32.Bxg6 b5 33.Qd5 Rxb1 34.Bxb1 Rb8 35.Ba2 Rb6 36.Qa8+ Kh7
37.Bd5 b4 38.Qa2 g6 39.Bxf7 Ra6 40.Qb3 Qc6+ 41.Bd5 Qc3 42.Qd1 Qe5 43.Qd3 Rd6
44.e4 Rf6 45.Qe3 Qc3 46.Qe2 b3 47.e5 Rf8  0-1

[Event "World Youth U16 Olympiad 2012"]
[Site "Istanbul TUR"]
[Date "2012.08.30"]
[Round "2.18"]
[White "Saiyn,Z"]
[Black "Sadikhov,U"]
[Result "1/2-1/2"]
[WhiteElo "2188"]
[BlackElo "2171"]

1.d4 d5 2.c4 c6 3.Nc3 Nf6 4.Nf3 dxc4 5.a4 Bf5 6.Ne5 e6 7.Nxc4 c5 8.dxc5 Qxd1+
9.Nxd1 Nc6 10.Nde3 Bxc5 11.Nxf5 exf5 12.Be3 Bb4+ 13.Bd2 O-O-O 14.Bxb4 Nxb4
15.Rc1 Kb8 16.e3 f4 17.Be2 fxe3 18.Nxe3 Nd3+ 19.Bxd3 Rxd3 20.O-O Rhd8 21.Nc4 R3d4
22.Ne5 Rxa4 23.Nxf7 Rd2 24.h3 Ra2 25.b3 a6 26.Rc4 Rab2 27.b4 Nd5 28.Rg4 g6
29.Ng5 h5 30.Rg3 h4 31.Rg4 Rxb4 32.Nf3 Rxg4 33.hxg4 Rc2 34.Nxh4 Rc6 35.g5 b5
36.f4 b4 37.f5 gxf5 38.g6 b3 39.g7 Nf6 40.Rb1 Rb6 41.Nxf5 a5 42.Ne7 Rb7 43.Nc6+ Kc8
44.Nxa5 Rxg7 45.Nxb3 Rg4 46.Nd2 Kd7 47.Nf3 Ke6 48.Rb6+ Ke7 49.Rb7+ Ke6 50.Ra7 Rb4
51.Ra2 Ng4 52.Re2+ Kf5 53.g3 Nf6 54.Kg2 Ra4 55.Re5+ Kg6 56.Re2 Kf5 57.Nh4+ Kg5
58.Nf3+ Kf5 59.Nh2 Ng4 60.Nf1 Ra3 61.Rb2 Ne3+ 62.Nxe3+ Rxe3 63.Rb5+ Kg4 64.Rb4+ Kg5
65.Kh3 Re5 66.Rg4+ Kh5 67.Rh4+ Kg5 68.Rg4+ Kh5 69.Rg8 Re3 70.Rf8 Ra3 71.Rf5+ Kg6
72.Rb5 Ra4 73.g4 Ra1  1/2-1/2

[Event "World Youth U16 Olympiad 2012"]
[Site "Istanbul TUR"]
[Date "2012.08.30"]
[Round "3.17"]
[White "Koksal,E"]
[Black "Izzat,Kanan"]
[Result "1/2-1/2"]
[WhiteElo "2198"]
[BlackElo "2326"]

1.Nf3 Nf6 2.c4 c6 3.Nc3 d5 4.d4 dxc4 5.a4 Bf5 6.e3 e6 7.Bxc4 Bb4 8.O-O O-O
9.h3 c5 10.Na2 Nc6 11.Nxb4 Nxb4 12.Bd2 Nfd5 13.dxc5 Rc8 14.Qe2 Be4 15.Rfd1 Qf6
16.Bxd5 Nxd5 17.b4 a5 18.bxa5 Rxc5 19.Rdc1 Rfc8 20.Nd4 Nf4 21.exf4 Qxd4 22.Be3 Rxc1+
23.Rxc1 Rxc1+ 24.Bxc1 Bc6 25.Qd2  1/2-1/2

[Event "World Youth U16 Olympiad 2012"]
[Site "Istanbul TUR"]
[Date "2012.09.01"]
[Round "6.13"]
[White "Izzat,Kanan"]
[Black "Gundogan,C"]
[Result "1-0"]
[WhiteElo "2326"]
[BlackElo "2012"]

1.Nf3 Nf6 2.d4 d5 3.c4 c6 4.Nc3 dxc4 5.a4 Bf5 6.e3 e6 7.Bxc4 Bb4 8.O-O O-O
9.Nh4 Bg4 10.f3 Bh5 11.g4 Bg6 12.Nxg6 hxg6 13.Qb3 Qe7 14.e4 Nbd7 15.Bg5 e5
16.f4 exd4 17.Na2 Bd2 18.e5 Nxe5 19.fxe5 Bxg5 20.exf6 Be3+ 21.Kg2 Qe4+ 22.Kh3 gxf6
23.Bd3 Qe6 24.Qxe6 fxe6 25.Bxg6 c5 26.Bd3 Kg7 27.Nc1 Rh8+ 28.Kg2 e5 29.b3 Rac8
30.Ne2 Rce8 31.Ng3 Bg5 32.h4 Bxh4 33.Nf5+ Kg8 34.Rh1  1-0

[Event "Botvinnik Memorial 2012"]
[Site "St Petersburg RUS"]
[Date "2012.09.01"]
[Round "8.17"]
[White "Maletin,P"]
[Black "Kharchenko,B"]
[Result "0-1"]
[WhiteElo "2587"]
[BlackElo "2476"]

1.d4 d5 2.c4 c6 3.Nf3 Nf6 4.Nc3 dxc4 5.a4 Bf5 6.e3 e6 7.Bxc4 Bb4 8.O-O Nbd7
9.Qe2 Bg4 10.Rd1 O-O 11.e4 Qa5 12.h3 Bxf3 13.Qxf3 e5 14.d5 Nb6 15.Bb3 Bxc3
16.bxc3 cxd5 17.exd5 Rac8 18.c4 Nbd7 19.Bg5 Qa6 20.Rac1 Qd6 21.Bc2 g6 22.Bb1 b6
23.Qg3 Nh5 24.Qh4 Rce8 25.Bh6 Ng7 26.a5 f5 27.axb6 axb6 28.Bc2 Nc5 29.Ra1 Rf7
30.Ra3 f4 31.Rda1 Qb8 32.f3 Nh5 33.Qg5 Qd8 34.Qxd8 Rxd8 35.Ra8 Rd7 36.Bg5 Rxa8
37.Rxa8+ Kf7 38.Bd8 Rb7 39.Rc8 Ra7 40.Rc7+ Rxc7 41.Bxc7 Nd7 42.Ba4 Nhf6 43.Bc6 Ke7
44.Kf1 Ne8 45.d6+ Nxd6 46.Bxd7 Kxd7 47.Bxb6 Nxc4 48.Ba7 Ke6 49.Kf2 Nd6 50.g3 g5
51.gxf4 gxf4 52.Bb8 Nf7 53.Bc7 Kd5 54.Bb8 Ng5 55.Kg2 Kd4 56.Ba7+ Kd3 57.Bb8 Ke3
58.Bxe5 Nxf3 59.Bc7 Ne1+ 60.Kf1 Nd3 61.Kg2 Ke2 62.Bxf4 Nxf4+ 63.Kg3 Ke3 64.Kg4 h5+
65.Kh4 Kf3 66.Kg5 Kg3 67.h4 Kf3 68.Kf5 Ne2  0-1

[Event "19th Graz Open 2012"]
[Site "Graz AUT"]
[Date "2012.09.02"]
[Round "9.14"]
[White "Drnovsek,N"]
[Black "Wallner,D"]
[Result "0-1"]
[WhiteElo "2107"]
[BlackElo "2127"]

1.d4 d5 2.c4 c6 3.Nf3 Nf6 4.Nc3 dxc4 5.a4 Bf5 6.e3 e6 7.Bxc4 Bb4 8.O-O O-O
9.Qe2 Bg6 10.Ne5 Nbd7 11.Nxg6 hxg6 12.Rd1 Qa5 13.Bd2 e5 14.Be1 Rad8 15.h3 e4
16.Qc2 Nb6 17.Ba2 Rfe8 18.Qb3 Nbd5 19.Rac1 Qb6 20.Qc2 Bd6 21.Bc4 Bb8 22.Ne2 Qc7
23.g3 Qd7 24.Kh2 g5 25.Nc3 Qf5 26.Nxd5 cxd5 27.Be2 g4 28.h4 g5 29.hxg5 Nh7
30.Kg2 Nxg5 31.Ba5 b6 32.Bb4 Kg7 33.Rh1 Rh8 34.Rcf1 Qf3+ 35.Bxf3 gxf3+ 36.Kg1 Rxh1+
37.Kxh1 Rh8+ 38.Kg1 Nh3+ 39.Kh2 Nf4+ 40.Kg1 Nh3+ 41.Kh2 Nxf2+ 42.Kg1 Rh1+
43.Kxf2 Rh2+  0-1

[Event "14th Trieste Open A"]
[Site "Trieste ITA"]
[Date "2012.09.02"]
[Round "3"]
[White "Rombaldoni,Ax"]
[Black "Banusz,T"]
[Result "0-1"]
[WhiteElo "2458"]
[BlackElo "2583"]

1.d4 d5 2.c4 c6 3.Nf3 Nf6 4.Nc3 dxc4 5.a4 Bf5 6.e3 e6 7.Bxc4 Bb4 8.O-O Nbd7
9.Qe2 O-O 10.e4 Bg6 11.Bd3 h6 12.Bf4 Re8 13.Rfd1 a6 14.e5 Nd5 15.Nxd5 cxd5
16.Bxg6 fxg6 17.h4 Rf8 18.Bg3 Rf7 19.Nh2 Rc8 20.Nf1 Nf8 21.Ne3 Be7 22.Qg4 h5
23.Qh3 Rc6 24.f4 Rb6 25.Rd3 Rxb2 26.Nd1 Rc2 27.Ne3 Rc6 28.Rf1 Bb4  0-1

[Event "World Youth U16 Olympiad 2012"]
[Site "Istanbul TUR"]
[Date "2012.09.04"]
[Round "9.1"]
[White "Javanbakht,N"]
[Black "Laurusas,T"]
[Result "1/2-1/2"]
[WhiteElo "2385"]
[BlackElo "2402"]

1.d4 d5 2.c4 c6 3.Nc3 Nf6 4.Nf3 dxc4 5.a4 Bf5 6.Ne5 Nbd7 7.Nxc4 Nb6 8.Ne5 a5
9.f3 Nfd7 10.e4 Nxe5 11.exf5 Nec4 12.Qb3 Nd6 13.g4 g6 14.Bf4 gxf5 15.Be5 Rg8
16.O-O-O e6 17.gxf5 Nxf5 18.Bh3 Bb4 19.f4 Nd5 20.Nxd5 Qxd5 21.Qd3 Qa2 22.Qe4 Ba3
23.Rd2 Qa1+ 24.Qb1 Qxb1+ 25.Kxb1 Bb4 26.Rd3 Ne7 27.f5 exf5 28.Rf1 Rg6 29.Bxf5 Nxf5
30.Rxf5 Rd8 31.Rh3 h6 32.Rhf3 Rd7 33.h4 Bd2 34.Rf2 Rg1+ 35.Kc2 Be1 36.Re2 Re7
37.Rf6 Rh1 38.Rg2 Re6 39.Rxe6+ fxe6 40.Rg8+ Kf7 41.Rg7+ Kf8 42.Rxb7 Rxh4
43.Kd3 h5 44.Rh7 Bb4 45.Bf6 Rf4 46.Be5 Rf5 47.Ke4 Rg5 48.Bf6 Rf5 49.Be5 Rg5
50.Bf6  1/2-1/2

[Event "World Youth U16 Olympiad 2012"]
[Site "Istanbul TUR"]
[Date "2012.09.05"]
[Round "10.13"]
[White "Izzat,Kanan"]
[Black "Laurusas,T"]
[Result "1/2-1/2"]
[WhiteElo "2326"]
[BlackElo "2402"]

1.d4 d5 2.c4 c6 3.Nf3 Nf6 4.Nc3 dxc4 5.a4 Bf5 6.Nh4 Bg4 7.h3 Bh5 8.g4 Bg6
9.Nxg6 hxg6 10.e4 e6 11.g5 Nfd7 12.Bxc4 Bb4 13.Qb3 Qa5 14.Kf1 Nb6 15.Be2 N8d7
16.Kg2 e5 17.dxe5 Nxe5 18.Bf4 Ned7 19.Rhd1 Nc5 20.Qc2 Ne6 21.Be3 Qe5 22.a5 Nd7
23.Nd5 cxd5 24.Rxd5 Nf4+ 25.Bxf4 Qxf4 26.Qa4 Bd6 27.e5 Qxg5+ 28.Bg4 O-O 29.f4 Qh4
30.Rxd6 Nc5 31.Qc4 Ne6 32.Bxe6 fxe6 33.Rf1 Kh8 34.Rf2 g5 35.Rd4 Rae8 36.f5 Qh6
37.fxe6 Rxf2+ 38.Kxf2 Qxh3 39.e7 Qh2+ 40.Ke3 Qg3+ 41.Ke2 Qxe5+ 42.Re4 Qxb2+
43.Ke1 Qa1+ 44.Ke2 Qb2+ 45.Ke1 Qf6 46.Qc7 Qc6 47.Qh2+ Qh6 48.Qe5 Qg6 49.Re2 Qb1+
50.Kd2 Qb4+ 51.Kd1 Qa4+ 52.Ke1 Qb4+ 53.Kd1 Qa4+ 54.Ke1 Qh4+ 55.Kd1 Qa4+  1/2-1/2

[Event "11th Kesarovski-Stanchev Mem"]
[Site "Sunny Beach BUL"]
[Date "2012.09.06"]
[Round "6.11"]
[White "Nikolov,Sas"]
[Black "Bazarov,K"]
[Result "1-0"]
[WhiteElo "2422"]
[BlackElo "2301"]

1.d4 d5 2.c4 c6 3.Nf3 Nf6 4.Nc3 dxc4 5.a4 Bf5 6.e3 e6 7.Bxc4 Bb4 8.O-O Nbd7
9.Qe2 Bg6 10.e4 O-O 11.Bd3 Re8 12.e5 Nd5 13.Bxg6 hxg6 14.Ne4 Qc7 15.Bd2 a5
16.Bxb4 axb4 17.Nd6 Re7 18.Nd2 f5 19.a5 Rxa5 20.N2c4 Rxa1 21.Rxa1 Qb8 22.Qd2 Nf8
23.Ne3 Rc7 24.Nxd5 cxd5 25.h4 b3 26.Qe3 Qd8 27.g3 Qe7 28.Ra8 Rc6 29.Qxb3 g5
30.hxg5 Rc1+ 31.Kg2 Qxg5 32.Qe3 Qxe3 33.fxe3 Rc2+ 34.Kf3 Rxb2 35.Re8 Rb1
36.Re7 Nh7 37.Re8+ Nf8 38.Ke2 Rb2+ 39.Kd3 Rb3+ 40.Kd2 Rb2+ 41.Kc3 Rf2 42.Kd3 b6
43.Rb8 b5 44.Nxb5 Rb2 45.Kc3 Rb1 46.Rb7 Rg1 47.Re7 Rxg3 48.Kd2 Rg2+ 49.Ke1 f4
50.exf4 Rg4 51.f5 exf5 52.Kf2 Rf4+ 53.Kg3 Rg4+ 54.Kf3 Ng6 55.Rd7 Nh4+ 56.Kf2 Re4
57.Rxd5 f4 58.Nd6 Re3 59.Nc4 Rc3 60.Rd8+ Kh7 61.e6 Rc2+ 62.Kf1 Rc1+ 63.Kf2 Rc2+
64.Kg1 Nf5 65.Ne5 Re2 66.Nf3 Kg6 67.d5 Kh5 68.Rf8 g6 69.Rxf5+ gxf5 70.Nd4 Re4
71.d6 Kg6 72.d7 Rxd4 73.e7 Rxd7 74.e8=Q+ Rf7 75.Kf2 Kf6 76.Kf3 Rh7 77.Qd8+ Kg6
78.Kxf4 Rf7 79.Qg8+ Kf6 80.Qg5+ Ke6 81.Qd8 Rd7 82.Qc8 Ke7 83.Qc5+ Ke6 84.Qe5+ Kf7
85.Kxf5 Re7 86.Qh8 Re1 87.Qh7+ Kf8 88.Qh4 Re7 89.Kf6 Rf7+ 90.Ke6 Kg7 91.Qg3+ Kf8
92.Qg5 Rf1 93.Qc5+ Kg7 94.Qc3+ Kg8 95.Qg3+ Kf8 96.Qb8+ Kg7 97.Qb2+  1-0

[Event "11th Kesarovski-Stanchev Mem"]
[Site "Sunny Beach BUL"]
[Date "2012.09.07"]
[Round "7.11"]
[White "Bratanov,Z"]
[Black "Manole,S"]
[Result "1/2-1/2"]
[WhiteElo "2444"]
[BlackElo "2125"]

1.d4 d5 2.c4 c6 3.Nf3 Nf6 4.Nc3 dxc4 5.a4 Bf5 6.Ne5 Nbd7 7.Nxc4 Qc7 8.g3 e5
9.dxe5 Nxe5 10.Bf4 Nfd7 11.Bg2 g5 12.Ne3 gxf4 13.Nxf5 O-O-O 14.Qc2 Nc5 15.b4 Ncd3+
16.exd3 Nxd3+ 17.Kf1 Bxb4 18.Rd1 Qe5 19.Rxd3 Rxd3 20.Qxd3 Rd8 21.Qe4 Qxc3
22.Bf3 Bc5 23.Kg2 Qb2 24.Ne7+ Kc7 25.Rb1 Qxf2+ 26.Kh3 Rd6 27.Ng8 Qe3 28.Re1 Qxe4
29.Rxe4 fxg3 30.hxg3 Rd4 31.Nf6 Rxe4 32.Nxe4 Be7 33.Kg4 b5 34.Bd1 Kb6 35.Bb3 Ka5
36.axb5 cxb5 37.Bxf7 Kb4 38.Kf5 a5 39.Bg8 a4 40.Ke6 Bf8 41.Kf7 Bh6 42.Kf6 Ka3
43.Nd6 b4 44.Nc4+ Kb3 45.Nb6+ Ka3 46.Nc4+ Kb3 47.Nb6+ Ka3 48.g4 b3 49.g5 Bxg5+
50.Kxg5 Kb4 51.Nd5+ Kc4 52.Ne7+ Kb4 53.Nd5+ Kc4 54.Nb6+ Kb4 55.Nc4 a3 56.Nd2 a2
57.Nxb3 Kc3 58.Kh6 Kb2 59.Kxh7 a1=Q 60.Nxa1 Kxa1  1/2-1/2

[Event "3rd Livigno Open A"]
[Site "Livigno ITA"]
[Date "2012.09.11"]
[Round "2.1"]
[White "David,Alb"]
[Black "Antipov,M2"]
[Result "1-0"]
[WhiteElo "2599"]
[BlackElo "2457"]

1.c4 Nf6 2.Nf3 c6 3.d4 d5 4.Nc3 dxc4 5.a4 Bf5 6.Nh4 Bc8 7.e3 e5 8.Bxc4 exd4
9.exd4 Be7 10.O-O O-O 11.Re1 Bg4 12.Qd3 Nd5 13.Nf5 Bf6 14.Bb3 Nb4 15.Qe4 Bxf5
16.Qxf5 Qd7 17.Qh5 Nd3 18.Rd1 Nxc1 19.Raxc1 Qe7 20.Qh3 Na6 21.Re1 Qd8 22.Re4 Nb4
23.Rd1 Qc7 24.Qf5 Rae8 25.Rg4 Bd8 26.h4 Qa5 27.Qd7 Re7 28.Qd6 Qh5 29.f3 a5
30.Ne4 Kh8 31.Ng3 Qh6 32.Qxh6 gxh6 33.Nf5 Re2 34.Nxh6 Nd5 35.Bc4 Re6 36.Nf5 h5
37.Re4 Bb6 38.Kf2 Rd8 39.Rde1 Rxe4 40.Rxe4 Kh7 41.Bxd5 Rxd5 42.g4 Bd8 43.Re5 Rd7
44.Ke3 b6 45.Ke4 Bf6 46.Re8 Bd8 47.g5 b5 48.b3 bxa4 49.bxa4 Rd5 50.f4 Rd7
51.Rf8 Bb6 52.Rb8 Bd8 53.Ra8 Bb6 54.Ra6 Rb7 55.Nd6  1-0

[Event "6th Hum na Sutli Open"]
[Site "Hum na Sutli CRO"]
[Date "2012.09.14"]
[Round "8.7"]
[White "Okhotnik,V"]
[Black "Cupic,L"]
[Result "1-0"]
[WhiteElo "2446"]
[BlackElo "2096"]

1.Nf3 d5 2.d4 Nf6 3.c4 c6 4.Nc3 dxc4 5.a4 Bf5 6.Nh4 Be6 7.e4 g6 8.Nf3 h6
9.Ne5 Bg7 10.Nxc4 O-O 11.f3 Nbd7 12.d5 cxd5 13.exd5 Bf5 14.g4 Nxg4 15.fxg4 Bxc3+
16.bxc3 Be4 17.Rg1 e6 18.Qd4 Bxd5 19.Nd6 Qh4+ 20.Qf2 Qe7  1-0

[Event "TCh-HUN 2012-13"]
[Site "Szombathely HUN"]
[Date "2012.09.16"]
[Round "1"]
[White "Rapport,R"]
[Black "Hajnal,Z"]
[Result "1/2-1/2"]
[WhiteElo "2621"]
[BlackElo "2384"]

1.d4 d5 2.c4 c6 3.Nf3 Nf6 4.Nc3 dxc4 5.a4 Bf5 6.Ne5 e6 7.g3 Bb4 8.Bg2 Ne4
9.O-O Nxc3 10.bxc3 Bxc3 11.Ba3 a5 12.Nxc4 Bb4 13.e4 Bg6 14.h4 f6 15.Qb3 O-O
16.Bxb4 axb4 17.Qxb4 b5 18.Nb2 Na6 19.Qc3 Rc8 20.Nd3 Qb6 21.Rfc1 Rc7 22.Qa3 b4
23.Qb2 Rd8 24.Nc5 Nxc5 25.dxc5 Qa5 26.e5 fxe5 27.Qxe5 Bf5 28.Be4 Bxe4 29.Qxe4 h6
30.Qxe6+ Kh8 31.Rd1 Rf8 32.Qe5 Rcf7 33.Rd6 Kg8 34.Rxc6 Rxf2 35.Rc7 R2f6 36.Rb7 Qa6
37.Rb5 Qc6 38.Rxb4 Rf5 39.Qe4  1/2-1/2

[Event "TCh-VIE 2012"]
[Site "Ho Chi Minh City VIE"]
[Date "2012.09.21"]
[Round "2.25"]
[White "Huynh Lam Binh Nguyen"]
[Black "Le Minh Hoang"]
[Result "1/2-1/2"]
[WhiteElo "2017"]
[BlackElo "1939"]

1.d4 d5 2.c4 c6 3.Nf3 Nf6 4.Nc3 dxc4 5.a4 Bf5 6.e3 e6 7.Bxc4 Nbd7 8.O-O Bb4
9.Qe2 O-O 10.e4 Bg4 11.h3 Bxf3 12.gxf3 Qa5 13.Qe3 Nb6 14.Bb3 Qh5 15.Kh2 c5
16.Rg1 Kh8 17.Rg5 cxd4 18.Qxd4 Qxf3 19.Qxb4 Qxf2+ 20.Rg2 Ng4+  1/2-1/2

[Event "Tatry Open 2012"]
[Site "Tatranske Zruby SVK"]
[Date "2012.09.23"]
[Round "1.13"]
[White "Pastir,S"]
[Black "Kernazhitsky,L"]
[Result "1/2-1/2"]
[WhiteElo "2155"]
[BlackElo "2305"]

1.d4 d5 2.Nf3 Nf6 3.c4 c6 4.Nc3 dxc4 5.a4 Bf5 6.Ne5 e6 7.f3 c5 8.e4 Bg6 9.Be3 cxd4
10.Qxd4 Qxd4 11.Bxd4 Nc6 12.Nxc6 bxc6 13.Bxc4 a5 14.Kf2 Nd7 15.Rhd1 Rb8 16.b3 Bc5
17.Bxc5 Nxc5 18.Rd6 Rc8 19.Rad1 Ke7 20.Ke3 Rc7 21.Na2 Rb8 22.Nc1 e5 23.R6d2 f6
24.Nd3 Nxb3 25.Rb2 Rcb7 26.Rdb1 Nc5 27.Rxb7+ Rxb7 28.Rxb7+ Nxb7 29.Ba6 Nd6
30.Nc5 Bf7 31.Kd3 Kd8 32.Kc3 Kc7 33.Be2 Nb7 34.Nd3 Kd6 35.Nb2 Nc5 36.Bc4 Be6
37.Bxe6 Kxe6 38.Nc4 Nxa4+ 39.Kd2 Nc5 40.Nxa5 Kd7 41.Nc4 Ne6 42.Ne3 Kd6 43.Kc3 Kc5
44.Nf5 g6 45.Ne3 h5 46.Nf1 Nd4 47.Ne3 Kd6 48.Kd3 Ke6 49.Nc4 g5 50.Ne3 h4
51.h3 Kd7 52.Ng4 Ke7 53.Kc4 Ne6 54.Ne3 Kd7 55.Ng4 Ke7 56.Ne3 Nd4 57.Kc5 Ke6
58.Kc4 f5 59.Kd3 f4 60.Nc4 Nb5 61.Kd2 Nd6 62.Nb2 c5 63.Kc3 g4 64.hxg4 Nb5+
65.Kd3 Nd4 66.Nd1 h3 67.gxh3 Nxf3 68.Nf2 Kf6 69.Kc4 Kg5 70.Kxc5 Kh4 71.Kd5 Kg3
72.Nd3 Kxh3 73.g5 Nxg5 74.Kxe5 f3 75.Kf4  1/2-1/2